000
00255nam a2200097Ia 4500
008
230907s9999||||xx |||||||||||||| ||und||
082
_a
532.05,MOD
245
0
_a
Modelling and simulation of diffusive processes/
300
_a
xii, 399 pages cm
942
_c
BK
999
_c
597691
_d
597691